Normal view
MARC view
- Gurihiru
Entry Corporate Name
001 - CONTROL NUMBER
- control field: 86926
003 - CONTROL NUMBER IDENTIFIER
- control field: OSt
005 - DATE AND TIME OF LATEST TRANSACTION
- control field: 20251120090105.0
008 - FIXED-LENGTH DATA ELEMENTS
- fixed length control field: 251120|| aca||aabn | a|a d
040 ## - CATALOGING SOURCE
- Original cataloging agency: OSt
- Transcribing agency: OSt
110 ## - HEADING--CORPORATE NAME
- Corporate name or jurisdiction name as entry element: Gurihiru
670 ## - SOURCE DATA FOUND
- Source citation: Work cat.: (OSt)49796: Yang, Gene Luen. 79373, Avatar - the last Airbender: The promise /, 2012.